000 00474nam a2200181Ia 4500
999 _c29525
_d29525
003 OSt
005 20201111101549.0
008 190216s9999||||xx |||||||||||||| ||und||
020 _a8130003686
040 _coclc
082 _a894.8123
_bSET/V
100 _aSethu
_96440
245 0 _aVilayattam /
_cSethu
260 _bPoorna Pubs,
_a Kozhikode:
_c2006.
300 _a240p
650 _aNovel
942 _cBK
_2ddc
_h894.8123
_iSET/V
_k894.8123
_mSET/V